000 00405cam a22001337a 4500
008 180718b1967 xxu||||| |||| 00| 0 eng d
082 _aQ39 X5442 B73
100 _aBrahme, Sulabha
245 _aDeluge in poona
_cby Sulabha Brahma And Prakash Gole
260 _aLondon
_bGokhala institute of polics and economics
_c1967
300 _axii,144p
650 _aFloods --India --Pune.
700 _aGole, Prakash
999 _c410278
_d410278